| 000 | 00561nam a2200217Ia 4500 | ||
|---|---|---|---|
| 008 | 170918s9999 xx 000 0 und d | ||
| 020 | _a9780590262637 | ||
| 050 | _bM123 1996 | ||
| 100 | _aMaccarone, Grace | ||
| 245 | _aFirst-grade friends : | ||
| 245 | _bthe gym day winner / | ||
| 245 | _cGrace Maccarone ; illustrated by Betsy Lewin. | ||
| 260 | _aNew York : | ||
| 260 | _bScholastic, | ||
| 260 | _c1996 | ||
| 300 | _aunpaged : | ||
| 300 | _bcolored illustration ; | ||
| 300 | _c23cm. | ||
| 440 | _aBeginning reader level 1. | ||
| 500 | _a230 | ||
| 999 |
_c341792 _d341792 |
||